[Event "Stay Safe Play From Home 235"]
[Site "Emanuel Lasker Arena"]
[Date "2020.06.18"]
[Round "8"]
[White "little champs"]
[Black "Lazieri3"]
[Result "1-0"]
[WhiteElo "2254"]
[BlackElo "2154"]
[Annotator "TA"]
[PlyCount "135"]
[EventDate "2020.06.18"]
[EventType "swiss (blitz)"]

{[%evp 9,135,-31,-33,-43,-33,-49,-59,-91,-58,-78,-83,-97,-20,-27,-10,-8,16,20,29,25,39,16,38,39,124,124,114,83,170,173,175,182,167,174,222,223,214,213,221,210,205,212,216,213,188,213,204,172,164,163,154,0,0,0,0,0,15,0,125,0,0,0,0,0,-7,-12,-26,-41,0,0,0,0,0,0,0,0,0,0,0,0,0,0,0,0,0,0,0,-515,0,0,0,0,0,0,0,0,0,0,0,0,0,-12841,-12841,-12841,0,-12845,0,0,0,0,0,0,0,0,0,0,0,0,0,0,0,0,0,0,0,0,0,0]} 1. d4 c6 2. e3 d5 3. Nf3 Nf6 4. Be2 Bf5 {[#]} 5. Kf1 $146 ({Predecessor:} 5. O-O e6 6. b3 Nbd7 7. Bb2 Qb8 8. Ne5 Bd6 9. f4 Ne4 10. Bd3 f6 11. g4 fxe5 12. gxf5 exf4 13. Bxe4 dxe4 {0-1 (81) Savchenko,V (2427)-Hector,J (2550) Germany 2007}) 5... e6 6. h3 {D04: Colle System.} h6 7. g4 Bh7 8. Nc3 {Black is slightly better.} Bb4 9. Kg2 Nbd7 10. Bd2 Bxc3 (10... Bd6 $17) 11. Bxc3 $11 Ne4 12. Be1 Qc7 (12... O-O {keeps more tension.} 13. Nd2 Nef6 14. f3 e5 15. Bg3 Re8) 13. Nd2 e5 14. Nxe4 Bxe4+ 15. f3 Bh7 16. c4 exd4 (16... dxc4 $14 17. Bxc4 f6) 17. Qxd4 {Bg3 is the strong threat.} O-O 18. Bc3 {[%csl Gc3][%cal Rd4g7] [#]} f6 (18... Nf6 $16) 19. cxd5 $18 cxd5 20. Qxd5+ Kh8 21. Rac1 Ne5 22. Bxe5 Qxe5 23. Qxe5 ({Worse is} 23. Qxb7 Qxe3 24. Qa6 Rfe8 $19) 23... fxe5 24. Rc7 b6 25. Rd1 Rfc8 26. Rdd7 Rxc7 27. Rxc7 {[%mdl 4096] Endgame KRB-KRB} Bg8 28. Bb5 Bxa2 29. Bc6 Rd8 30. e4 $2 ({White should play} 30. Rxa7 $16 Bd5 31. Bb5) 30... Rd2+ $11 31. Kg3 a5 32. Be8 Kh7 33. h4 Rd8 (33... Rxb2 $11 34. Re7 Rc2) 34. Bf7 (34. Re7 $16) 34... Bxf7 35. Rxf7 {KR-KR} Rd2 36. Re7 Rxb2 37. Rxe5 a4 {[%cal Ba5a4,Ba4a3][%mdl 32] Threatens to win with ...a3.} 38. Re8 $1 a3 39. Ra8 a2 {Strongly threatening ...b5.} 40. e5 b5 41. e6 b4 42. e7 Re2 43. Rxa2 Rxe7 44. Rb2 Rb7 45. Kf4 b3 46. Ke4 Rb4+ 47. Ke3 {[#]} h5 $1 {[%mdl 512]} 48. g5 $2 {[%mdl 8192]} (48. Ke2 $11) (48. gxh5 Kh6) 48... Rxh4 $2 ({Black should try} 48... Kg6 $19 {White must now prevent ...Kf5.} 49. Kd2 Kf5) 49. Rxb3 Kg6 50. Rb5 Rh2 51. f4 Rh3+ 52. Ke4 h4 53. Rb6+ Kh5 54. Rb8 Rh1 55. Rh8+ $2 {[%mdl 8192]} (55. Kf5 $11 g6+ 56. Kf6) 55... Kg4 $19 56. g6 Re1+ $2 (56... h3 $19 57. Ke5 Re1+ 58. Kd6 Re3) 57. Kd3 $2 {[%mdl 8192]} (57. Kd4 $11) 57... Kxf4 $2 (57... Rf1 $19 58. Rh7 h3) 58. Rh7 {The position is equal.} Kg5 {aiming for ...Re7.} 59. Rxg7 Rd1+ 60. Ke2 Rd6 61. Rg8 Rxg6 62. Rc8 Re6+ 63. Kf2 Kf6 64. Kg2 Ke5 65. Kh3 Rf6 66. Rc5+ Kf4 67. Rc4+ Kg5 68. Rg4+ {[%mdl 32768] What a fight! Accuracy: White = 84%, Black = 77%. . Loss on time!?} 1-0

[Event "Stay Safe Play From Home 235"]
[Site "Emanuel Lasker Arena"]
[Date "2020.06.18"]
[Round "8"]
[White "Lamborghini"]
[Black "Weltszmerc"]
[Result "1-0"]
[WhiteElo "2243"]
[BlackElo "2172"]
[Annotator "TA"]
[PlyCount "151"]
[EventDate "2020.06.18"]
[EventType "swiss (blitz)"]

{[%evp 9,151,87,99,51,93,104,109,69,75,69,68,69,72,74,129,124,235,255,438,460,486,480,511,497,486,477,635,638,629,628,775,774,769,763,772,760,989,981,983,956,1333,1315,1274,945,5423,975,958,945,953,924,916,934,879,929,988,976,997,863,972,879,1309,688,669,601,729,581,860,770,1016,996,937,892,943,933,957,731,899,1022,1031,1007,12617,7698,12200,11837,12200,8125,12553,10166,6468,5077,6468,6281,29978,29979,29978,29979,29981,29982,29987,29988,29988,29989,29989,29990,29990,29991,29991,29991,29991,29991,29992,29992,29993,29993,29993,29993,29993,29992,29993,29993,29994,29995,29995,29995,29995,29994,29994,29995,29995,29994,29995,29994,29995,29994,29995,29995,29995,29994,29994,29994,29994,29994,29994,29994]} 1. e4 Nf6 2. e5 Nd5 3. d4 Nb6 4. Nf3 {[#]} a5 $146 ({Predecessor:} 4... d6 5. Be2 Nc6 6. O-O g6 7. exd6 cxd6 8. d5 Ne5 9. Nxe5 dxe5 10. c4 Bg7 11. Nc3 O-O 12. c5 Nd7 13. Be3 {1-0 (40) Carlsen,M (2853)-Nakamura,H (2787) chess.com INT 2016}) 5. c4 d6 6. exd6 {B03: Alekhine's Defence: Four Pawns Attack.} cxd6 7. Nc3 g6 8. h3 {White is better.} Bg7 9. Be2 O-O 10. O-O Nc6 {White leaves nothing to chance now.} 11. Bg5 f6 ({Black should play} 11... Bf5) 12. Be3 $16 e5 (12... f5 $16) 13. dxe5 $18 dxe5 $2 (13... Nxe5 14. c5 Nbd7 15. Qxd6 (15. cxd6 Nxf3+ 16. Bxf3 Ne5 $18) 15... Nc6) 14. Qxd8 Rxd8 15. Bxb6 Rd7 16. Nd5 Ra6 17. Be3 Nd4 18. Nxd4 exd4 19. Bxd4 Rad6 20. Bf3 Kf7 21. Bc5 Rc6 22. Be3 Rxc4 23. Nb6 {[%mdl 64] [#] Double Attack} Rcc7 24. Nxd7 Rxd7 25. Rac1 Rd8 26. Bd5+ Be6 27. Bxe6+ Kxe6 28. Rfd1 Rxd1+ 29. Rxd1 f5 30. b3 Be5 31. Bb6 Bc3 32. Rc1 Bb4 33. Rc4 Kd6 {[#]} 34. a3 $1 Be1 (34... Bxa3 35. Bxa5) 35. Bxa5 Bxa5 {[%mdl 4096] Endgame KR-KB} 36. b4 Bb6 37. Kf1 Kd5 38. Rc8 Bd4 39. Rd8+ Kc4 40. Ke2 b5 41. Rd7 Bb2 42. Rb7 Bxa3 43. Rxh7 Bxb4 44. Rg7 Bc3 45. Rxg6 b4 46. Kd1 b3 47. Kc1 f4 48. Kb1 Kd3 49. Rg4 Ke4 50. g3 Kf3 51. Rxf4+ {White mates.} Kg2 52. h4 Bd2 53. h5 Bxf4 54. gxf4 Kxf2 {KPP-KP} 55. h6 Ke3 56. h7 Kxf4 57. h8=Q Ke3 58. Qc3+ Ke4 59. Kb2 Kd5 60. Kxb3 Kd6 61. Kb4 Kd5 62. Kb5 Ke4 63. Qd2 Ke5 64. Kc4 Ke6 65. Qf4 Kd7 66. Qg5 Ke6 67. Qd5+ Ke7 68. Kc5 Kf6 69. Qd6+ Kf7 70. Qd4 Ke6 71. Kc6 Kf7 72. Qf4+ Kg6 73. Qg3+ Kf6 74. Qd3 Ke5 75. Kc5 Kf4 76. Qd5 {Accuracy: White = 88%, Black = 31%.} 1-0

[Event "Stay Safe Play From Home 235"]
[Site "Emanuel Lasker Arena"]
[Date "2020.06.18"]
[Round "8"]
[White "BrainThinker22"]
[Black "Klasman"]
[Result "1-0"]
[WhiteElo "2228"]
[BlackElo "1273"]
[Annotator "NA RC"]
[PlyCount "55"]
[EventDate "2020.06.18"]
[EventType "swiss (blitz)"]

1. e4 {[%emt 0:00:01]} f5 {[%emt 0:00:01]} 2. exf5 {[%emt 0:00:01]} Nf6 {[%emt 0:00:01]} 3. Nf3 {[%emt 0:00:02]} d5 {[%emt 0:00:01]} 4. d4 {[%emt 0:00:00]} Bxf5 {[%emt 0:00:01]} 5. Bd3 {[%emt 0:00:00]} Bxd3 {[%emt 0:00:02]} 6. Qxd3 {[%emt 0:00:00]} Nc6 {[%emt 0:00:01]} 7. O-O {[%emt 0:00:00]} Qd7 {[%emt 0:00:05]} 8. c3 {[%emt 0:00:01]} O-O-O {[%emt 0:00:02]} 9. Re1 {[%emt 0:00:00]} h6 {[%emt 0:00:03]} 10. h3 {[%emt 0:00:01]} g5 {[%emt 0:00:02]} 11. Ne5 {[%emt 0:00:01]} Nxe5 {[%emt 0:00:02]} 12. dxe5 {[%emt 0:00:00]} Ne4 {[%emt 0:00:04]} 13. f3 {[%emt 0:00:01]} Ng3 {[%emt 0:00:05]} 14. Kh2 {[%emt 0:00:04]} e6 {[%emt 0:00:02]} 15. Kxg3 {[%emt 0:00:01]} h5 {[%emt 0:00:04]} 16. Kh2 {[%emt 0:00:01]} g4 {[%emt 0:00:01]} 17. f4 {[%emt 0:00:03]} gxh3 {[%emt 0:00:04]} 18. gxh3 {[%emt 0:00:00]} Bh6 {[%emt 0:00:02]} 19. Na3 {[%emt 0:00:01]} Rdg8 {[%emt 0:00:01]} 20. Be3 {[%emt 0:00:01]} Qg7 {[%emt 0:00:01]} 21. Rg1 {[%emt 0:00:00]} Qf7 {[%emt 0:00:03]} 22. Rxg8+ {[%emt 0:00:01]} Rxg8 {[%emt 0:00:01]} 23. Rg1 {[%emt 0:00:00]} Rxg1 {[%emt 0:00:02]} 24. Kxg1 {[%emt 0:00:00]} Bxf4 {[%emt 0:00:01]} 25. Bxf4 {[%emt 0:00:00]} Qxf4 {[%emt 0:00:01]} 26. Qf1 {[%emt 0:00:00]} Qg3+ {[%emt 0:00:02]} 27. Qg2 {[%emt 0:00:01]} Qe1+ {[%emt 0:00:01]} 28. Kh2 {[%emt 0:00:01] Time (Lag: Av=0.45s, max=0.6s)} 1-0

[Event "Stay Safe Play From Home 235"]
[Site "Emanuel Lasker Arena"]
[Date "2020.06.18"]
[Round "8"]
[White "Position"]
[Black "Broken sword"]
[Result "0-1"]
[WhiteElo "2090"]
[BlackElo "2446"]
[Annotator "TA"]
[PlyCount "116"]
[EventDate "2020.06.18"]
[EventType "swiss (blitz)"]

{[%evp 9,116,13,22,22,31,-4,1,-9,31,2,16,5,0,6,4,12,14,7,22,5,0,0,0,-44,-41,-35,0,-40,-45,-41,-41,-73,-41,-70,-63,-74,0,-73,-60,-74,-68,-79,-74,-85,-61,-60,-53,-79,-77,-90,-63,-87,-76,-88,-34,-34,-23,-47,-41,-39,-33,-29,-6,-7,0,0,0,0,0,0,0,-813,81,70,56,58,72,0,0,-8,94,14,33,0,8,0,0,-10,-8,-58,-40,-152,-135,-141,-87,-196,-254,-297,-114,-108,-111,-104,-109,-122,-129,-145,-140,-204,-66]} 1. e3 d5 2. d4 c6 3. Nf3 Nf6 4. h3 Bf5 5. Bd3 Bg6 6. O-O {D04: Colle System.} Nbd7 {[#]} 7. Re1 $146 ({Predecessor:} 7. b3 e6 8. c4 Bd6 9. Bb2 Bxd3 10. Qxd3 Ne4 11. Nc3 f5 12. Ne2 O-O 13. Ne5 {0-1 (49) Krasevec,V (2047)-Rozic,V (2286) Ljubljana 2007}) 7... e6 8. Nbd2 {The position is equal.} Be7 9. e4 dxe4 10. Nxe4 Nxe4 11. Bxe4 Bxe4 12. Rxe4 Nf6 13. Re1 O-O 14. c3 c5 15. Bg5 cxd4 16. cxd4 Rc8 17. Qb3 Qd5 18. Qxd5 (18. Bxf6 {looks sharper.} Bxf6 19. Qxd5 exd5 20. Rac1 g6 21. g4) 18... Nxd5 19. Bxe7 Nxe7 20. Rad1 Rfd8 21. Re2 Nf5 22. Re5 Ne7 23. Re2 $1 h6 24. a3 Rd5 25. Re5 Rd6 26. Re3 Rcd8 27. Rb3 b6 28. g4 Nc6 29. Rbd3 Rd5 30. Kf1 Kf8 31. Ke2 Ke7 (31... g5 $17) 32. Ke3 $15 R8d6 33. Ke4 Rb5 34. b4 Rbd5 35. Ne5 f6 36. Nc4 Rd8 37. Ne3 {Threatens to win with f4.} R5d7 38. d5 Ne5 39. Rd4 Nf7 40. dxe6 $2 {[%mdl 8192] [#]} (40. Kf3 $11) 40... Kxe6 $2 (40... Ng5+ $19 41. Kf5 Rxd4 42. Rxd4 Rxd4) 41. Rxd7 $16 Rxd7 42. Rxd7 Kxd7 $11 {[%mdl 4096] Endgame KN-KN} 43. Nf5 ({White should play} 43. Kf5 $16) 43... g6 44. Nd4 Nd6+ (44... Ng5+ $11 45. Ke3 Nxh3) 45. Kd3 (45. Kd5 $16) 45... Nf7 46. f4 Nd6 47. Nb3 Ke6 48. Nd2 Kd5 49. Nf3 g5 50. Nd4 (50. fxg5 $1 $15 hxg5 51. Nd2) 50... gxf4 $17 51. Ne2 f3 (51... Ke5 $142 52. Nd4 Kd5) 52. Ng3 (52. Nf4+ $17 Kc6 53. Ke3) 52... f2 (52... Nc4 $142 53. a4 Ne5+ 54. Kc3 a5 55. bxa5 bxa5) 53. Ke2 {[#]} Nc4 $2 (53... Kc4 $1 $19 {and Black stays clearly on top. Hoping for ...Kb3.} 54. Kxf2 Kb3) 54. Kxf2 Nxa3 55. Nf5 Nc2 {White must now prevent ...a5.} 56. Nxh6 Nxb4 57. Ng8 Ke6 58. h4 (58. Nh6 $17) 58... Kf7 {Accuracy: White = 65%, Black = 68%.} (58... Nc6 $19 59. Ke2 f5) 0-1

[Event "Stay Safe Play From Home 235"]
[Site "Emanuel Lasker Arena"]
[Date "2020.06.18"]
[Round "8"]
[White "Grazie"]
[Black "SoulofWolf"]
[Result "0-1"]
[WhiteElo "1812"]
[BlackElo "2174"]
[Annotator "TA"]
[PlyCount "98"]
[EventDate "2020.06.18"]
[EventType "swiss (blitz)"]

{[%evp 9,98,-11,-14,-20,-17,-28,-40,-46,-31,-41,-35,-38,-27,-37,4,-86,-28,-25,5,13,2,-8,21,-160,39,0,1,0,15,-108,-92,-202,420,110,202,-58,-82,-75,-72,-54,6,9,325,295,271,151,172,168,239,189,217,0,0,0,705,-6,158,-275,0,-482,-482,-641,1021,980,936,872,29986,29987,29987,29988,29990,29991,29992,29993,29993,29994,29995,29996,29996,29997,29997,29996,29996,29996,29997,29996,29996,29996,29996,29996,29998]} 1. d4 d5 2. c3 e6 3. g3 Be7 4. Bg2 Nd7 5. Nf3 Ngf6 6. Bg5 {D00: 1 d4 d5: Unusual lines.} O-O 7. Bxf6 Nxf6 8. Nbd2 {[#] Black is slightly better.} c5 $146 ({Predecessor:} 8... b6 9. O-O Ba6 10. Re1 Rc8 11. e4 c5 12. exd5 Nxd5 13. dxc5 Bxc5 14. Qa4 Bd3 15. Ne5 b5 16. Qd1 Qb6 17. Nxd3 Be7 18. Bxd5 {1-0 (18) Hoellenriegel,D (1744)-Hahnen,E (1467) Playchess.com INT 2020}) 9. dxc5 Bxc5 10. O-O a5 11. a3 Ba7 12. b4 (12. c4 $11) 12... Bd7 (12... Qc7 $17 13. Rc1 axb4 14. axb4 (14. cxb4 Qd6 $15) 14... Rd8) 13. c4 $11 Bc6 14. b5 Bd7 15. cxd5 Nxd5 16. Nc4 $2 (16. a4 $11) 16... Nc3 $2 (16... Bxb5 $17 17. Qb3 Ba6) 17. Qc2 {aiming for b6.} Nxb5 18. Rfd1 Qe7 19. Rab1 (19. a4 $11 Nc7 20. Nfe5 (20. Nxa5 Nd5 $11)) 19... Rfc8 20. Qb3 {[#]} (20. Qc1 $17 {keeps fighting.}) 20... Qc5 $4 {[%mdl 8192]} (20... a4 $1 $19 {[%cal Ra4b3][%mdl 512]} 21. Qd3 (21. Qxa4 Bxf2+) 21... Be8) 21. a4 $2 {[#]} (21. Rxd7 $18 Qxf2+ 22. Kh1) 21... Qxc4 (21... Nc3 $1 $16 {[%mdl 512]} 22. Qxc3 Bxa4) 22. axb5 $2 (22. Qxc4 $18 Rxc4 23. axb5) 22... Qxb3 $15 (22... Qxe2 23. b6 $16) 23. Rxb3 {[#]} Be8 $1 24. Ne5 Bb6 (24... f6 $15 25. Nd3 Rcb8) 25. Bxb7 $11 {[%mdl 64] Double Attack} h6 $2 {[%mdl 8192]} (25... Rd8 $1 $11 26. Rc1 Rab8) 26. Bxc8 $18 ({But not} 26. Bxa8 $6 Rxa8 27. Rbb1 Rb8 $18) 26... Rxc8 27. Ra1 ({White should play} 27. Nd7 $18 Rd8 28. Rbd3 (28. Nxb6 Rxd1+ 29. Kg2 Rd4 $15) 28... Bxd7 29. Rxd7) 27... f6 28. Nd3 Bf7 (28... Kf7 $142 29. Nb2 f5) 29. Rba3 e5 30. Rxa5 $2 (30. Rc1 $18 Rb8 31. Rac3) 30... Bxa5 $11 31. Rxa5 $18 {[%mdl 4096] Endgame KRB-KRN} Rc2 $2 {[%mdl 8192]} (31... Rb8 $11) 32. e3 $2 ({White must play} 32. b6 $18 Rc3 33. b7) 32... Kh7 $2 (32... Bc4 $11 33. Nb4 Rb2) 33. Kg2 $2 (33. b6 $16 {is forced if you want to stay better.} e4 34. Nc5) 33... Rd2 $2 ({Better is} 33... Bd5+ $19 34. Kh3 Bc4) 34. Nc1 $2 {[%mdl 8192]} (34. Nc5 $11 {and White is okay.}) 34... Bd5+ $19 35. e4 Rd1 $4 {[%mdl 8192]} (35... Bxe4+ $19 36. Kf1 Bf3) 36. exd5 $18 Rxc1 {KR-KR} 37. b6 {[%cal Bb5b6,Bb6b7][%mdl 32]} Rd1 38. b7 {White mates.} Rb1 39. Ra7 Rb6 {[#]} 40. d6 $1 {[%mdl 512]} Rb5 (40... Rxd6 41. b8=Q) 41. d7 Kg6 42. d8=Q e4 {[#]} 43. Qe8+ $1 {[%mdl 64] Double Attack} Kg5 44. Qxb5+ f5 45. Ra4 h5 46. Rxe4 g6 {[#]} 47. Re5 $1 h4 48. gxh4+ Kxh4 {[#]} 49. Rxf5 $1 {[%cal Rf5f4]} g5 {[%mdl 32768] Accuracy: White = 42%, Black = 33%. . Loss on time!?} (49... gxf5 50. b8=Q) 0-1

[Event "Stay Safe Play From Home 235"]
[Site "Emanuel Lasker Arena"]
[Date "2020.06.18"]
[Round "8"]
[White "Trotsky"]
[Black "NeatFox"]
[Result "0-1"]
[WhiteElo "1512"]
[BlackElo "1767"]
[Annotator "NA RC"]
[PlyCount "56"]
[EventDate "2020.06.18"]
[EventType "swiss (blitz)"]

1. d4 {[%emt 0:00:01]} b6 {[%emt 0:00:00]} 2. e3 {[%emt 0:00:01]} Bb7 {[%emt 0:00:00]} 3. c4 {[%emt 0:00:00]} g6 {[%emt 0:00:01]} 4. Nc3 {[%emt 0:00:01]} Bg7 {[%emt 0:00:00]} 5. Qc2 {[%emt 0:00:01]} c5 {[%emt 0:00:00]} 6. f3 {[%emt 0:00:01]} cxd4 {[%emt 0:00:01]} 7. exd4 {[%emt 0:00:01]} Bxd4 {[%emt 0:00:01]} 8. Bd2 {[%emt 0:00:04]} Bg7 {[%emt 0:00:02]} 9. O-O-O {[%emt 0:00:01]} Nf6 {[%emt 0:00:00]} 10. Be3 {[%emt 0:00:01]} d6 {[%emt 0:00:01]} 11. Bd3 {[%emt 0:00:01]} Nc6 {[%emt 0:00:01]} 12. a3 {[%emt 0:00:01]} Ne5 {[%emt 0:00:01]} 13. h4 {[%emt 0:00:07]} Nxd3+ {[%emt 0:00:01]} 14. Qxd3 {[%emt 0:00:01]} Rc8 {[%emt 0:00:02]} 15. Nh3 {[%emt 0:00:02]} Nd7 {[%emt 0:00:01]} 16. Ng5 {[%emt 0:00:01]} Ne5 {[%emt 0:00:01]} 17. Qc2 {[%emt 0:00:02]} Rxc4 {[%emt 0:00:02]} 18. h5 {[%emt 0:00:06]} h6 {[%emt 0:00:07]} 19. hxg6 {[%emt 0:00:01]} hxg5 {[%emt 0:00:01]} 20. Rxh8+ {[%emt 0:00:05]} Bxh8 {[%emt 0:00:00]} 21. Rh1 {[%emt 0:00:03]} Bf6 {[%emt 0:00:04]} 22. f4 {[%emt 0:00:05]} Nxg6 {[%emt 0:00:01]} 23. fxg5 {[%emt 0:00:02]} Bg7 {[%emt 0:00:01]} 24. Rh7 {[%emt 0:00:02]} Bxc3 {[%emt 0:00:02]} 25. bxc3 {[%emt 0:00:03]} Qc7 {[%emt 0:00:02]} 26. Bd4 {[%emt 0:00:01]} Kd7 {[%emt 0:00:01]} 27. Rxf7 {[%emt 0:00:02]} Ne5 {[%emt 0:00:01]} 28. Qf5+ {[%emt 0:00:01]} Kc6 {[%emt 0:00:01] Âðåìÿ (Lag: Av=0.28s, max=0.7s)} 0-1

[Event "Stay Safe Play From Home 235"]
[Site "Emanuel Lasker Arena"]
[Date "2020.06.18"]
[Round "9"]
[White "Broken sword"]
[Black "BrainThinker22"]
[Result "0-1"]
[WhiteElo "2450"]
[BlackElo "2228"]
[Annotator "NA RC"]
[PlyCount "220"]
[EventDate "2020.06.18"]
[EventType "swiss (blitz)"]

1. d4 {[%emt 0:00:01]} c5 {[%emt 0:00:01]} 2. Nf3 {[%emt 0:00:00]} cxd4 {[%emt 0:00:00]} 3. Nxd4 {[%emt 0:00:01]} Nc6 {[%emt 0:00:00]} 4. Nxc6 {[%emt 0:00:00]} bxc6 {[%emt 0:00:00]} 5. c4 {[%emt 0:00:01]} Nf6 {[%emt 0:00:00]} 6. Nc3 {[%emt 0:00:01]} g6 {[%emt 0:00:00]} 7. g3 {[%emt 0:00:01]} Bg7 {[%emt 0:00:00]} 8. Bg2 {[%emt 0:00:00]} O-O {[%emt 0:00:00]} 9. O-O {[%emt 0:00:00]} Ba6 {[%emt 0:00:02]} 10. b3 {[%emt 0:00:01]} Rc8 {[%emt 0:00:01]} 11. Bb2 {[%emt 0:00:01]} e6 {[%emt 0:00:02]} 12. e4 {[%emt 0:00:01]} d5 {[%emt 0:00:02]} 13. exd5 {[%emt 0:00:02]} cxd5 {[%emt 0:00:01]} 14. cxd5 {[%emt 0:00:02]} Nxd5 {[%emt 0:00:01]} 15. Nxd5 {[%emt 0:00:02]} Bxb2 {[%emt 0:00:00]} 16. Rb1 {[%emt 0:00:01]} exd5 {[%emt 0:00:03]} 17. Rxb2 {[%emt 0:00:02]} Bxf1 {[%emt 0:00:01]} 18. Bxf1 {[%emt 0:00:00]} d4 {[%emt 0:00:01]} 19. Rd2 {[%emt 0:00:00]} Qa5 {[%emt 0:00:01]} 20. Rxd4 {[%emt 0:00:03]} Qxa2 {[%emt 0:00:01]} 21. Ra4 {[%emt 0:00:01]} Qb2 {[%emt 0:00:02]} 22. Rxa7 {[%emt 0:00:02]} Rc1 {[%emt 0:00:01]} 23. Qd3 {[%emt 0:00:00]} Rc3 {[%emt 0:00:08]} 24. Qd5 {[%emt 0:00:02]} Qxb3 {[%emt 0:00:01]} 25. Qxb3 {[%emt 0:00:01]} Rxb3 {[%emt 0:00:00]} 26. Bc4 {[%emt 0:00:01]} Rb1+ {[%emt 0:00:02]} 27. Kg2 {[%emt 0:00:01]} Rc1 {[%emt 0:00:00]} 28. Bd5 {[%emt 0:00:00]} Kg7 {[%emt 0:00:01]} 29. h4 {[%emt 0:00:01]} Rc5 {[%emt 0:00:01]} 30. Bb3 {[%emt 0:00:01]} h5 {[%emt 0:00:00]} 31. Ba2 {[%emt 0:00:01]} Kf6 {[%emt 0:00:01]} 32. Bb3 {[%emt 0:00:00]} Rc6 {[%emt 0:00:01]} 33. Bd5 {[%emt 0:00:01]} Rd6 {[%emt 0:00:01]} 34. Bc4 {[%emt 0:00:00]} Rdd8 {[%emt 0:00:03]} 35. Bb3 {[%emt 0:00:02]} Rb8 {[%emt 0:00:01]} 36. Bc4 {[%emt 0:00:01]} Ra8 {[%emt 0:00:00]} 37. Rb7 {[%emt 0:00:00]} Ra4 {[%emt 0:00:01]} 38. Bb3 {[%emt 0:00:01]} Rd4 {[%emt 0:00:01]} 39. Ba2 {[%emt 0:00:01]} Ke5 {[%emt 0:00:01]} 40. Bxf7 {[%emt 0:00:04]} Rd2 {[%emt 0:00:02]} 41. Kg1 {[%emt 0:00:03]} Kf6 {[%emt 0:00:01]} 42. Bc4 {[%emt 0:00:03]} Ke5 {[%emt 0:00:00]} 43. Bf7 {[%emt 0:00:02]} Kd6 {[%emt 0:00:01]} 44. Ra7 {[%emt 0:00:01]} Kc6 {[%emt 0:00:01]} 45. Re7 {[%emt 0:00:01]} Rd7 {[%emt 0:00:02]} 46. Rxd7 {[%emt 0:00:00]} Kxd7 {[%emt 0:00:00]} 47. Bxg6 {[%emt 0:00:00]} Rh8 {[%emt 0:00:01]} 48. Bf5+ {[%emt 0:00:00]} Ke7 {[%emt 0:00:01]} 49. Be4 {[%emt 0:00:00]} Kf6 {[%emt 0:00:00]} 50. f3 {[%emt 0:00:00]} Kg7 {[%emt 0:00:01]} 51. Kg2 {[%emt 0:00:00]} Kh6 {[%emt 0:00:01]} 52. Kh3 {[%emt 0:00:00]} Re8 {[%emt 0:00:01]} 53. g4 {[%emt 0:00:01]} hxg4+ {[%emt 0:00:00]} 54. Kxg4 {[%emt 0:00:00]} Kg7 {[%emt 0:00:00]} 55. Kf4 {[%emt 0:00:00]} Rf8+ {[%emt 0:00:00]} 56. Kg4 {[%emt 0:00:00]} Rb8 {[%emt 0:00:00]} 57. h5 {[%emt 0:00:00]} Rb4 {[%emt 0:00:00]} 58. Kg5 {[%emt 0:00:00]} Rb8 {[%emt 0:00:00]} 59. h6+ {[%emt 0:00:00]} Kh8 {[%emt 0:00:00]} 60. h7 {[%emt 0:00:00]} Rb7 {[%emt 0:00:01]} 61. Kf4 {[%emt 0:00:00]} Rg7 {[%emt 0:00:00]} 62. Ke3 {[%emt 0:00:00]} Rf7 {[%emt 0:00:00]} 63. Ke2 {[%emt 0:00:01]} Rf8 {[%emt 0:00:00]} 64. Ke3 {[%emt 0:00:00]} Rb8 {[%emt 0:00:00]} 65. Kd2 {[%emt 0:00:00]} Rb3 {[%emt 0:00:00]} 66. Ke2 {[%emt 0:00:01]} Rb8 {[%emt 0:00:00]} 67. Kf2 {[%emt 0:00:00]} Rd8 {[%emt 0:00:00]} 68. Kg3 {[%emt 0:00:00]} Re8 {[%emt 0:00:00]} 69. Kf4 {[%emt 0:00:00]} Rf8+ {[%emt 0:00:00]} 70. Ke3 {[%emt 0:00:00]} Rf7 {[%emt 0:00:00]} 71. f4 {[%emt 0:00:00]} Re7 {[%emt 0:00:00]} 72. f5 {[%emt 0:00:00]} Re8 {[%emt 0:00:00]} 73. f6 {[%emt 0:00:00]} Rf8 {[%emt 0:00:00]} 74. Kf4 {[%emt 0:00:00]} Rxf6+ {[%emt 0:00:00]} 75. Ke5 {[%emt 0:00:00]} Rf8 {[%emt 0:00:01]} 76. Bf5 {[%emt 0:00:00]} Re8+ {[%emt 0:00:00]} 77. Kf4 {[%emt 0:00:01]} Rd8 {[%emt 0:00:00]} 78. Ke5 {[%emt 0:00:00]} Rb8 {[%emt 0:00:00]} 79. Kf4 {[%emt 0:00:00]} Rb5 {[%emt 0:00:01]} 80. Kg5 {[%emt 0:00:00]} Ra5 {[%emt 0:00:00]} 81. Kf6 {[%emt 0:00:01]} Ra3 {[%emt 0:00:00]} 82. Kg5 {[%emt 0:00:00]} Rc3 {[%emt 0:00:00]} 83. Kf6 {[%emt 0:00:00]} Rc1 {[%emt 0:00:00]} 84. Ke5 {[%emt 0:00:00]} Rg1 {[%emt 0:00:00]} 85. Kf6 {[%emt 0:00:00]} Rf1 {[%emt 0:00:00]} 86. Ke5 {[%emt 0:00:00]} Re1+ {[%emt 0:00:00]} 87. Kf6 {[%emt 0:00:00]} Rd1 {[%emt 0:00:00]} 88. Kg5 {[%emt 0:00:00]} Rd2 {[%emt 0:00:00]} 89. Kf6 {[%emt 0:00:00]} Re2 {[%emt 0:00:00]} 90. Kg5 {[%emt 0:00:01]} Rf2 {[%emt 0:00:00]} 91. Kf6 {[%emt 0:00:00]} Rg2 {[%emt 0:00:00]} 92. Ke5 {[%emt 0:00:01]} Rh2 {[%emt 0:00:00]} 93. Kf6 {[%emt 0:00:00]} Rh1 {[%emt 0:00:00]} 94. Ke5 {[%emt 0:00:00]} Re1+ {[%emt 0:00:00]} 95. Kf6 {[%emt 0:00:00]} Rd1 {[%emt 0:00:00]} 96. Ke5 {[%emt 0:00:00]} Rd2 {[%emt 0:00:00]} 97. Kf6 {[%emt 0:00:00]} Re2 {[%emt 0:00:00]} 98. Kg5 {[%emt 0:00:00]} Re3 {[%emt 0:00:00]} 99. Kf6 {[%emt 0:00:00]} Rc3 {[%emt 0:00:01]} 100. Bg6 {[%emt 0:00:00]} Rg3 {[%emt 0:00:00]} 101. Bf5 {[%emt 0:00:00]} Rc3 {[%emt 0:00:00]} 102. Kg5 {[%emt 0:00:00]} Rc5 {[%emt 0:00:00]} 103. Kf6 {[%emt 0:00:00]} Rc6+ {[%emt 0:00:00]} 104. Kg5 {[%emt 0:00:00]} Rb6 {[%emt 0:00:00]} 105. Kf4 {[%emt 0:00:00]} Rb7 {[%emt 0:00:00]} 106. Kg5 {[%emt 0:00:00]} Rb8 {[%emt 0:00:00]} 107. Kf4 {[%emt 0:00:00]} Re8 {[%emt 0:00:00]} 108. Kg5 {[%emt 0:00:00]} Rf8 {[%emt 0:00:00]} 109. Kf4 {[%emt 0:00:00]} Rf7 {[%emt 0:00:00]} 110. Kg5 {[%emt 0:00:00]} Rg7+ {[%emt 0:00:00] Time (Lag: Av=0.27s, max=0.9s)} 0-1